Európska únia ponúkla Slovensku ďalšie ústupky podľa J. Figeľa budeme pokračovať v rokovaniach ...

Bibliographic Details
Format: Article
Language:Slovak
PhysicalDescription:Fotogr.
ISSN:1335-4671
Subjects:

MARC

LEADER 00000nab a2200000 a 4500
001 vtls000817417
003 SK-MaSNL
005 20260426082532.0
008 180206c2002 xo 0 slo
015 |a SNBRB2002/12-39245 
035 |a CLN000169072 
040 |a SNKBUCL  |b slo  |c SNKBUCL  |e AACR2 
041 0 |a slo 
044 |a xo  |c SK 
080 |a 327(437.6:4):327.39(4)  |2 UDC-MRF-SK2 
080 |a 327.39(4)  |2 UDC-MRF-SK2 
080 |a 328.1(437.6:4)  |2 UDC-MRF-SK2 
245 0 0 |a Európska únia ponúkla Slovensku ďalšie ústupky  |b podľa J. Figeľa budeme pokračovať v rokovaniach ... 
300 |b Fotogr. 
610 2 7 |a Európska únia  |2 SNKKA  |9 29861 
610 2 7 |a Spoločný parlamentný výbor EÚ a SR  |2 SNKKA  |9 15666 
650 0 7 |a európska integrácia  |2 SNKPH  |9 2140 
651 7 |a Slovensko  |2 SNKPHgeo  |9 14231 
655 7 |a články z novín a časopisov  |2 snkbucl  |9 267496 
773 0 |x 1335-4671  |t Národná obroda  |g Roč. 13, č. 282 (4.12.2002), s. 8 
850 |a Slovenská národná knižnica v Martine 
852 |a SNK  |b KIS3GCP 
958 |a RBX 
999 |c 2877537  |d 2879467